| 000 | 00771nam a22002295i 4500 | ||
|---|---|---|---|
| 001 | 153754 | ||
| 003 | ES-MaACL | ||
| 005 | 20250827062630.0 | ||
| 008 | 010316s1893 sp |||| | spa d | ||
| 040 |
_aAN _bspa _cAN |
||
| 110 | 1 |
_aEspaña _93622 |
|
| 240 | 1 | 0 |
_aLey de enjuiciamiento criminal ( _d1882) |
| 245 | 1 | 0 |
_aLey de enjuiciamiento criminal de 14 de septiempbre de 1882 / _canotada ... por la redacción de la Revista de los Tribunales. |
| 250 | _a2ª ed. | ||
| 260 |
_aMadrid : _bCentro Editorial de Góngora, _c1893. |
||
| 300 |
_aVIII, 920 p. ; _c12 cm. |
||
| 597 | 1 | _aAntep. | |
| 710 | 2 |
_aRevista de los Tribunales (Madrid), _erecop. _96444 |
|
| 752 |
_aEspaña - _dMadrid |
||
| 852 |
_aES-MaACL _jG-3797 _z-- Enc. tela |
||
| 999 |
_c153754 _d153754 |
||